| 000 | 00510nam a22002057a 4500 | ||
|---|---|---|---|
| 005 | 20260511121514.0 | ||
| 008 | 260511b |||||||| |||| 00| 0 eng d | ||
| 020 |
_a9781032420165 _c8250.59 |
||
| 040 | _aMAIN | ||
| 041 | _aEnglish | ||
| 082 |
_a510 _bLIS |
||
| 100 |
_aLis, Piotr _926765 |
||
| 245 | _aBasic Mathematics for Economics | ||
| 250 | _a4th | ||
| 260 |
_aNew York _bRoutledge _c2025 |
||
| 300 | _a587 | ||
| 650 |
_aEconomics (PM USHA) _926774 |
||
| 700 |
_aRosser, Mike _91037 |
||
| 942 | _cBK | ||
| 999 |
_c60747 _d60747 |
||